Fowler's architects', building' and contractors' pocket book (Record no. 549111)
[ view plain ]
| 000 -LEADER | |
|---|---|
| fixed length control field | 00450cam a2200133 4500 |
| 082 00 - DEWEY DECIMAL CLASSIFICATION NUMBER | |
| Classification number | 692.302 |
| Author Mark | FOW |
| -- | L-14, P-43 |
| 100 1# - MAIN ENTRY--PERSONAL NAME | |
| Personal name | Fowler, william h. |
| 9 (RLIN) | 45635 |
| 245 10 - TITLE STATEMENT | |
| Title | Fowler's architects', building' and contractors' pocket book |
| Statement of responsibility, etc. | william h. fowler. |
| 260 ## - PUBLICATION, DISTRIBUTION, ETC. | |
| Place of publication, distribution, etc. | Manchester, |
| Name of publisher, distributor, etc. | The scientific publishing co. |
| Date of publication, distribution, etc. | c1948. |
| 300 ## - PHYSICAL DESCRIPTION | |
| Extent | xxviii, 1084 p. |
| Other physical details | illus. |
| Dimensions | 22 cm. |
| 526 ## - STUDY PROGRAM INFORMATION NOTE | |
| Program name | 0 |
| Interest level | 0 |
| Reading level | 0 |
| Title point value | 692_302000000000000_FOW |
| 650 #0 - SUBJECT ADDED ENTRY--TOPICAL TERM | |
| Topical term or geographic name entry element | MCE |
| 9 (RLIN) | 379 |
| 942 ## - ADDED ENTRY ELEMENTS (KOHA) | |
| Source of classification or shelving scheme | |
| Koha item type | Book |
| Withdrawn status | Lost status | Source of classification or shelving scheme | Damaged status | Not for loan | Permanent Location | Current Location | Date acquired | Total Checkouts | Full call number | Barcode | Date last seen | Price effective from | Koha item type |
|---|---|---|---|---|---|---|---|---|---|---|---|---|---|
| Military College of Engineering (MCE) | Military College of Engineering (MCE) | 09/16/2014 | 692.302 FOW | MCE-29562 | 09/16/2014 | 09/16/2014 | Book |
